Encyclopaedia of contemporary international affairs (Record no. 13583)

MARC details
000 -LEADER
fixed length control field 00363nam a2200133Ia 4500
082 ## - DEWEY DECIMAL CLASSIFICATION NUMBER
Classification number RR 327.03 GUP-E
100 ## - MAIN ENTRY--AUTHOR NAME
Personal name Gupta, M.G;
245 #0 - TITLE STATEMENT
Title Encyclopaedia of contemporary international affairs
260 ## - PUBLICATION, DISTRIBUTION, ETC. (IMPRINT)
Place of publication Agra
Name of publisher Y.K. Publishers
Year of publication 1987
300 ## - PHYSICAL DESCRIPTION
Number of Pages 454p.
500 ## - GENERAL NOTE
General note Contents: Vol.2.(J-Z)
650 ## - SUBJECT ADDED ENTRY--TOPICAL TERM
Topical Term International relations - Encyclopaedias
942 ## - ADDED ENTRY ELEMENTS (KOHA)
Koha item type Books
Holdings
Withdrawn status Lost status Damaged status Not for loan Home library Current library Date acquired Bill Date Full call number Accession Number Price effective from Koha item type
        NASSDOC Library NASSDOC Library 08/06/2004 2004-10-22 RR 327.03 GUP-E 24350 18/04/2019 Books